Los conocimientos medicinales de los aztecas : propuesta par asu aplicación en el aula : primera de dos partes (Record no. 114885)

MARC details
000 -CABECERA
campo de control de longitud fija 00568nab a2200193 a 4500
005 - FECHA Y HORA DE LA ÚLTIMA TRANSACCIÓN
campo de control 20210219155315.0
008 - ELEMENTOS DE LONGITUD FIJA--INFORMACIÓN GENERAL
campo de control de longitud fija 991125s1985 mx 000 0 spa u
035 ## - NÚMERO DE CONTROL DEL SISTEMA
Número de control de sistema UPN01000142738
100 1# - ASIENTO PRINCIPAL--NOMBRE PERSONAL
Nombre de persona Bautista Márquez, María Leonor
222 ## - TÍTULO CLAVE
Título clave ACTUALIZARTE
245 ## - MENCIÓN DE TÍTULO
Título Los conocimientos medicinales de los aztecas : propuesta par asu aplicación en el aula : primera de dos partes
260 ## - PUBLICACIÓN, DISTRIBUCIÓN, ETC.
Lugar de publicación, distribución, etc. México
300 ## - DESCRIPCIÓN FÍSICA
Extensión 38-41
362 0# - FECHAS DE PUBLICACIÓN Y/O DESIGNACIÓN SECUENCIAL
Fecha de publicación y/o designación secuencial 2005 No. 6, sept.
653 0# - TERMINO DE INDIZACION - NO CONTROLADO
Término no controlado HERBOLARIA
653 0# - TERMINO DE INDIZACION - NO CONTROLADO
Término no controlado MEDICINA TRADICIONAL
653 0# - TERMINO DE INDIZACION - NO CONTROLADO
Término no controlado MEXICO
905 ## - TIPO DE MATERIAL
Tipo de material Articulo

No items available.